00934nam a2200217 a 450000500170000000800410001704000250005804100080008304400070009109000140009811000760011224502100018826000260039830000100042465000310043465000340046565000290049994200150052899900130054395201600055620151124102820.0140221b1998 ck ||||| |||| 00| 0 spa d aCO-BoIAVHcCO-BoIAVH aspa ack aLBb00625 bInstituto de Hidrología, Meteorología y Estudios Ambientales942829 aPosible afectación del abastecimiento de agua para la población urbana por alteraciones de la oferta hídrica asociadas al fenómeno cálido del Pacífico (situación entre marzo de 1997 y febrero aBogotábIDEAMc1998 a30 p. aRecursos hídricos942830 aFenómeno de El Niño93883 aImpacto ambiental942831 cINFORME2z c641d641 00102z40708GENERALIINV2017aBogotabBogotad1998-01-07eLeyva, Pablol0oLB-00625p000908r2012-12-04 00:00:00tEj. 1w2012-12-04xDonaciónyINFORME